Lanean...

English in situations /

Xehetasun bibliografikoak
Egile nagusia: Oneill, R .
Formatua: Printed Book
Hizkuntza:English
Argitaratua: Oxford : Oxford University Press.
Gaiak:
LEADER 00625cam a2200205ua 4500
001 2058
005 20150705130422.0
007 ta
008 061104s g b000 u eng u
020 |c NULL 
041 1 |a eng 
082 1 4 |a 428  |b ONE/E 
100 1 |a Oneill, R . 
245 1 0 |a English in situations /   |c R Oneill.  |h Textual Documents 
260 |a Oxford :   |b Oxford University Press. 
300 |a NULL ;  
541 |e EN04696  
650 0 |a English usage 
999 |c 25251  |d 25251 
952 |0 0  |1 0  |4 0  |5 1  |6 428_000000000000000_ONE_E  |7 1  |9 32012  |a KU  |b KU  |d 2015-07-05  |l 0  |o 428 ONE/E  |p EN04696  |r 2015-07-05  |w 2015-07-05  |y BK  |z BOOK FOUND MISSING